Who's on British money? - Statistics

General Stats
  • This quiz has been taken 29 times
  • The average score is 2 of 9
Answer Stats
Hint Answer % Correct
All notes Queen Elizabeth II
96%
£10 note Charles Darwin
29%
£20 note Adam Smith
18%
£5 note Elizabeth Fry
7%
£50 note James Watt
7%
First Trust Bank £50 note Generic old man
4%
Bank of Scotland notes Sir Walter Scott
4%
Royal Bank of Scotland notes Lord Ilay
0%
£50 note Matthew Boulton
0%
No matching quizzes found
Score Distribution
Percent of People with Each Score
Percentile by Number Answered
Your Score History
You have not taken this quiz